00354nam a2200145Ia 4500008004100000020001500041040000800056082001100064100001700075245002300092250001100115260004900126300000800175650002500183220530s9999 xx 000 0 und d a8186361219 aeng a610.73 aTAMBULWADKAR aPAEDIATRIC NURSING aSECOND aMUMBAIbVORAMEDICAL PUBLICATION,MUMBAIc2004 a321 aCHILD HEALTH NURSING